| 000 | 00563nam a22001817a 4500 | ||
|---|---|---|---|
| 005 | 20231127063227.0 | ||
| 008 | 231127b |||||||| |||| 00| 0 eng d | ||
| 020 | _a0702125466 | ||
| 041 | _aEnglish | ||
| 082 | _a340.5 BEN | ||
| 100 |
_aBennett, TW _lEnglish |
||
| 245 |
_aA Sourcebook of African Customary Law for Southern Africa / _cTW Bennett |
||
| 250 | _aFirst Edition | ||
| 260 |
_aCape Town : _bJuta and Company Ltd, _c1991 |
||
| 300 |
_blix, 484 pages ; _c26 cm. |
||
| 650 |
_aLegal practice _bLaw |
||
| 942 |
_cBK _6ALISON_BN_VRIES |
||
| 999 |
_c957 _d957 |
||